[Event "Challenge"]
[Site "http://www.queenalice.com/game.php?id=625007"]
[Date "2009.7.26"]
[Round "-"]
[White "davidmassari"]
[Black "Ghislandi"]
[Result "1-0"]
[WhiteElo "1798"]
[BlackElo "1073"]

1. e4 e6 2. d4 d5 3. Nc3 Bb4 4. Ne2 dxe4 5. Bd2 Nf6 6. a3 Bxc3 7. Nxc3 Nc6 8.
Bb5 Bd7 9. Bg5 O-O 10. Nxe4 a6 11. Bxc6 Bxc6 12. Bxf6 gxf6 13. Qg4+ Kh8 14.
O-O-O f5 15. Qg3 Bxe4 16. Qe5+ Kg8 17. d5 exd5 18. f3 Qg5+ 19. Kb1 Rae8 20. Qxc7
Re7 21. Qg3 Qxg3 22. hxg3 Bxc2+ 23. Kxc2 Rc8+ 24. Kb3 Re3+ 25. Ka2 Rc2 26. Rxd5
1-0

[Event "AUTO-OPEN-1635"]
[Site "http://www.queenalice.com/game.php?id=625216"]
[Date "2009.7.26"]
[Round "1"]
[White "rodantero"]
[Black "Ghislandi"]
[Result "1-0"]
[WhiteElo "2411"]
[BlackElo "1096"]

1. e4 c5 2. Nf3 d6 3. d4 cxd4 4. Nxd4 Nf6 5. Nc3 a6 6. Be3 e6 7. f3 Be7 8. g4
Bd7 9. g5 Ng8 10. f4 f6 11. Bh3 fxg5 12. fxg5 Bxg5 13. Qh5+ 1-0

[Event "AUTO-OPEN-1635"]
[Site "http://www.queenalice.com/game.php?id=625217"]
[Date "2009.7.26"]
[Round "1"]
[White "Ghislandi"]
[Black "rodantero"]
[Result "0-1"]
[WhiteElo "1096"]
[BlackElo "2410"]

1. e4 c5 2. Nc3 e6 3. f4 d5 4. e5 Nc6 5. Nf3 Bd7 6. Bb5 Be7 7. O-O Nh6 8. d4 Qb6
9. Be2 Nxd4 10. Nxd4 cxd4 11. Kh1 dxc3 0-1

[Event "AUTO-OPEN-1635"]
[Site "http://www.queenalice.com/game.php?id=625237"]
[Date "2009.7.26"]
[Round "1"]
[White "Ghislandi"]
[Black "gdan"]
[Result "0-1"]
[WhiteElo "1100"]
[BlackElo "2067"]

1. e4 e5 2. f4 exf4 3. Nf3 d5 4. Nc3 dxe4 5. Nxe4 Nc6 6. Bb5 Bd7 7. O-O Nf6 8.
Nc3 Be7 9. d4 a6 10. Bc4 O-O 11. Bxf4 Bg4 12. h3 Bxf3 13. Qxf3 Qxd4+ 14. Be3
Qxc4 15. Qg3 Bd6 16. Qf2 Rae8 17. Rae1 Nd5 18. Nxd5 Qxd5 19. b3 Qe5 20. Bf4 Qxf4
0-1

[Event "AUTO-OPEN-1635"]
[Site "http://www.queenalice.com/game.php?id=625248"]
[Date "2009.7.26"]
[Round "1"]
[White "Ghislandi"]
[Black "Gerd"]
[Result "0-1"]
[WhiteElo "1100"]
[BlackElo "1884"]

1. e4 e6 2. d4 d5 3. e5 g6 4. c3 a6 5. f4 Bg7 6. Nf3 Ne7 7. Bd3 Nbc6 8. O-O b5
9. Na3 Bb7 10. Nc2 Nf5 11. Ne3 Bh6 12. Ng4 Bg7 13. b3 Qe7 14. Ne3 Bh6 15. g4 Nh4
16. g5 Nxf3+ 17. Qxf3 Bg7 18. Ng4 O-O-O 19. a4 b4 20. Bd2 a5 0-1

[Event "AUTO-OPEN-1635"]
[Site "http://www.queenalice.com/game.php?id=625249"]
[Date "2009.7.26"]
[Round "1"]
[White "Gerd"]
[Black "Ghislandi"]
[Result "1-0"]
[WhiteElo "1869"]
[BlackElo "1109"]

1. d4 Nf6 2. e3 g6 3. Nf3 Bg7 4. b3 d6 5. h3 Nc6 6. c3 O-O 7. Nbd2 e5 8. Bd3 Ne8
9. Bb2 f5 10. Bc4+ Kh8 11. d5 Ne7 12. e4 f4 13. Ng5 Nf6 14. Ndf3 h6 15. Ne6 Bxe6
16. dxe6 c6 17. Qd3 d5 18. exd5 b5 19. Bxb5 cxb5 20. Qxb5 Qxd5 21. Qxd5 Nfxd5
22. c4 Nb4 23. O-O 1-0

[Event "AUTO-OPEN-1636"]
[Site "http://www.queenalice.com/game.php?id=625805"]
[Date "2009.7.28"]
[Round "1"]
[White "DORLISS"]
[Black "Ghislandi"]
[Result "1-0"]
[WhiteElo "1879"]
[BlackElo "1100"]

1. e4 e6 2. d4 d5 3. Nc3 Bb4 4. e5 c5 5. Be3 Bxc3+ 6. bxc3 c4 7. Nf3 Nc6 8. Be2
Bd7 9. O-O Nge7 10. Bg5 h6 11. Bxe7 Qxe7 12. Nd2 O-O-O 13. Qc1 g5 14. Nb1 f6 15.
Na3 f5 16. Qb2 h5 17. Rab1 b6 18. Nb5 Kb7 19. a4 a6 20. Nd6+ Ka8 21. Qxb6 Rb8
22. Qxa6+ Na7 23. Rb7 Qxd6 24. Qxa7# 1-0

[Event "AUTO-OPEN-1636"]
[Site "http://www.queenalice.com/game.php?id=625806"]
[Date "2009.7.28"]
[Round "1"]
[White "Ghislandi"]
[Black "DORLISS"]
[Result "0-1"]
[WhiteElo "1058"]
[BlackElo "1763"]

1. e4 e5 2. f4 Nc6 3. Nf3 d6 4. Nc3 Bg4 5. Be2 Qd7 6. O-O Be7 7. d3 Nf6 8. Qe1
O-O 9. f5 Nd4 10. Nxd4 Bxe2 11. Ndxe2 c6 12. Qg3 Kh8 13. Bd2 d5 14. Qxe5 Rae8
15. Qg3 dxe4 16. Rad1 Bc5+ 17. Be3 Bxe3+ 18. Qxe3 Ng4 19. Qd2 e3 20. Qe1 Nf2 21.
Rc1 Qxf5 22. Ne4 Rxe4 23. dxe4 Qg4 24. Rxf2 exf2+ 25. Qxf2 h6 0-1

[Event "AUTO-OPEN-1661"]
[Site "http://www.queenalice.com/game.php?id=638180"]
[Date "2009.8.17"]
[Round "1"]
[White "Ghislandi"]
[Black "alecarbar"]
[Result "0-1"]
[WhiteElo "1090"]
[BlackElo "1376"]

1. e4 e6 2. d4 d5 3. e5 c5 4. c3 Nc6 5. Nf3 Qb6 6. Bd3 Bd7 7. Bc2 cxd4 8. cxd4
Nge7 9. Nc3 g6 10. O-O Bg7 11. Na4 Qc7 12. Nc5 b6 13. Nxd7 Qxd7 14. Bd2 O-O 15.
Rc1 Rac8 16. Be3 Rc7 17. Qd2 Rfc8 18. Bh6 Bxh6 19. Qxh6 Nf5 20. Bxf5 exf5 0-1

[Event "AUTO-OPEN-1661"]
[Site "http://www.queenalice.com/game.php?id=638181"]
[Date "2009.8.17"]
[Round "1"]
[White "alecarbar"]
[Black "Ghislandi"]
[Result "1-0"]
[WhiteElo "1371"]
[BlackElo "1096"]

1. e4 e6 2. d4 d5 3. exd5 exd5 4. c3 Nf6 5. Nf3 c6 6. Bd3 Bd6 7. O-O O-O 8. Bg5
Nbd7 9. Nbd2 Qc7 10. Qc2 Ng4 11. Bxh7+ Kh8 12. Bd3 Bxh2+ 13. Kh1 Ndf6 14. Bxf6
gxf6 15. Nb3 Rg8 16. Bf5 Bxf5 17. Qxf5 Nxf2+ 18. Rxf2 Qg3 19. Nxh2 Rg5 20. Qh3+
Qxh3 21. gxh3 1-0